000 00868nam a2200217Ia 4500
003 GCL
008 140319s9999 xx 000 0 ara d
040 _aGCL /
_cGCL
082 0 4 _a362.29
_bو م
100 1 _aوفيق صفوت مختار
245 1 0 _aمشكلة تعاطى المواد النفسية المخدرة :
_bالافيون - المورفين - الهيروين - الباربيتورات - المنومات - المهدئات /
_cوفيق صفوت مختار
250 _aالاولى
260 _aالقاهرة :
_bدار العلم والثقافة ،
_c2005
300 _a255 ص ؛
_c24 سم
650 0 4 _aادمان المخدرات
650 0 4 _aالمخدرات والشباب
650 0 4 _aالافيون
650 0 4 _aالمخدرات والمجتمع
650 0 4 _aالمخدرات - الجوانب النفسية
942 _2ddc
_cBK
999 _c8185
_d8185